00555nam a2200181Ia 4500003000400000005001700004008004100021020002200062040000700084041001200091082001800103100002000121245011000141260003900251300003000290365001300320650004000333OSt20260211190138.0210423s2018 xx 000 0 und d a978-81-229-1192-3 cAL aEnglish a650.13 bGOYP aBhagwat S Goyal aProfessional communication lab practicals handbook managerial skills development key communication skills aDelhibSurjeeth Publicationsc2018 aiv,124p.bPBc24.2x17.5cm b225cINR aManagement & Auxiliary Services 650